000 01390nam a22003017a 4500
003 OSt
005 20240424110044.0
008 180222b2009 - ||||| |||| 00| 0 eng d
020 _a9788483235539
040 _aLB-BrCRDP
041 _aang
082 _aF-B1
_bDEF
100 1 _aDefoe, Daniel
245 1 0 _aRobinson Crusoe
260 _aUnited Kingdom
_bCambridge University Press
_c2009
300 _a94 p.
_c21 cm
490 _aCambridge Experience Readers
500 _aContents.
505 _aCambridge Experience Readers, previously known as Cambridge Discovery Readers, is an exciting series of original fiction, adapted fiction and factbooks, specifically written for pre-teen and teenage learners of English.
520 _aI couldn't sleep all night long. I didn't know whose footprint it was. How had they got to the beach ? Had another sailor been shipwrecked ? Was it cannibal ? or a monster ? Robinson Crusoe is the only survivor of a shipwreck and is left on a remote island. He gradually builds a lonely but comfortable life for himself in this new home. But then he realises he is not alone...
650 0 _aReading books
_9185
650 0 _aLanguage Learning
_9135
650 0 _aIntermediate level
_9192
650 0 _aFiction
_9208
650 0 _aAdventure
_9195
856 _uwww.cambridge.org/experience-readers
_yclick here
942 _2ddc
_cBK
999 _c18689
_d18689